Vista normal Vista MARC

Entrada Materia (personas)

Número de registros utilizados en: 1

001 - CONTROL NUMBER

  • control field: 170868

003 - CONTROL NUMBER IDENTIFIER

  • control field: Co-BoUCM

005 - DATE AND TIME OF LATEST TRANSACTION

  • control field: 20211112083417.0

008 - FIXED-LENGTH DATA ELEMENTS

  • fixed length control field: 211112|| aca||aabn | a|a d

040 ## - CATALOGING SOURCE

  • Original cataloging agency: Co-BoUCM
  • Transcribing agency: Co-BoUCM

100 ## - HEADING--PERSONAL NAME

  • Personal name: Dreyfus, Alfred
  • Dates associated with a name: 1859-1935
  • General subdivision: Proceso penal

670 ## - SOURCE DATA FOUND

  • Source citation: Work cat.: (Co-BoUCM)85586: Zola, Emilio 1840-1902 170866, Yo acuso: seguido del proceso Dreyfus, 1939